Effectiffs Pologne Euro 2024 - Statistiques

Statistiques générales
  • Ce quiz a été pris 17 fois
  • Le résultat moyen est 11 sur 26
Statistiques - réponses
Poste Numéro Club Joueur % Correct
Attaquant 9 FC Barcelone Robert Lewandowski
93%
Gardien 22 OGC Nice Marcin Bulka
87%
Gardien 12 FC Bologne Lukasz Skorupski
80%
Milieu 21 AS Roma Nicola Zalewski
80%
Milieu 19 RC Lens Przemyslaw Frankowski
80%
Défenseur 5 FC Southampton Jan Bednarek
73%
Gardien 1 Juventus Wojciech Szczesny
73%
Défenseur 14 FC Arsenal Jakub Kiwior
67%
Milieu 10 Inter Milan Piotr Zielinski
67%
Milieu 8 Brighton Jakub Moder
53%
Attaquant 11 Pogon Szczecin Kamil Grosicki
53%
Attaquant 16 RC Lens Adam Buksa
47%
Attaquant 23 FK Basaksehir Krzystof Piatek
47%
Attaquant 7 FC Charlotte Karol Swiderski
40%
Milieu 20 Fenerbahce Sebastian Szymanski
27%
Défenseur 3 Hellas Vérone Pawel Dawidowicz
20%
Défenseur 18 UC Sampdoria Bartosz Bereszynski
13%
Défenseur 2 Lech Poznan Bartosz Salamon
13%
Milieu 6 Ludogorets Razgrad Jakub Piotrowski
13%
Milieu 26 FC Bologne Kacper Urbanski
13%
Attaquant 25 Club Bruges Michal Skoras
13%
Milieu 13 Jagellonia Bialystok Taras Romanczuk
13%
Défenseur 15 Union Berlin Tymoteusz Puchacz
13%
Milieu 24 Atlanta United Bartosz Szlisz
7%
Milieu 17 AEK Athènes Damian Szymanski
7%
Défenseur 4 FC Empoli Sebastian Walukiewicz
0%
Aucun quiz correspondant
Distribution des résultats
% des personnes avec chaque résultat
Percentile par nombre de réponses
Votre historique - résultats
Vous n’avez pas pris ce quiz